<?xml version="1.0" encoding="UTF-8"?>
<record
    xmlns:xsi="http://www.w3.org/2001/XMLSchema-instance"
    xsi:schemaLocation="http://www.loc.gov/MARC21/slim http://www.loc.gov/standards/marcxml/schema/MARC21slim.xsd"
    xmlns="http://www.loc.gov/MARC21/slim">

  <leader>00722nam a2200205 i 4500</leader>
  <controlfield tag="001">64274</controlfield>
  <controlfield tag="003">ES-MaACL</controlfield>
  <controlfield tag="005">20230906165104.0</controlfield>
  <controlfield tag="007">t|</controlfield>
  <controlfield tag="008">031223s1945    pe           ||||1| spa d</controlfield>
  <datafield tag="100" ind1="1" ind2=" ">
    <subfield code="a">Flori&#xE1;n, Mario.</subfield>
    <subfield code="9">51328</subfield>
  </datafield>
  <datafield tag="245" ind1="1" ind2="0">
    <subfield code="a">Urpi </subfield>
    <subfield code="b">: (canciones neo-keshwas) / </subfield>
    <subfield code="c">Mario Flori&#xE1;n. Puna : (poemas)/ Luis de Rodrigo. Charango : (romancero cholo) / Luis Nieto.</subfield>
  </datafield>
  <datafield tag="260" ind1=" " ind2=" ">
    <subfield code="a">Lima : </subfield>
    <subfield code="b">[Direcci&#xF3;n de Educaci&#xF3;n Art&#xED;stica y Extensi&#xF3;n Cultural],</subfield>
    <subfield code="c">1945 (</subfield>
    <subfield code="f">imp. Ministerio de Educacion P&#xFA;blica)</subfield>
  </datafield>
  <datafield tag="300" ind1=" " ind2=" ">
    <subfield code="a">236 p. : </subfield>
    <subfield code="b">il. ; </subfield>
    <subfield code="c">27 cm.</subfield>
  </datafield>
  <datafield tag="700" ind1="1" ind2=" ">
    <subfield code="a">Rodrigo, Luis de.</subfield>
    <subfield code="9">98176</subfield>
  </datafield>
  <datafield tag="700" ind1="1" ind2=" ">
    <subfield code="a">Nieto, Luis.</subfield>
    <subfield code="9">85663</subfield>
  </datafield>
  <datafield tag="740" ind1="0" ind2=" ">
    <subfield code="a">Puna.</subfield>
  </datafield>
  <datafield tag="740" ind1="0" ind2=" ">
    <subfield code="a">Charango.</subfield>
  </datafield>
  <datafield tag="852" ind1=" " ind2=" ">
    <subfield code="a">ES-MaACL</subfield>
    <subfield code="j">B-12785 </subfield>
    <subfield code="b">R.26591</subfield>
  </datafield>
  <datafield tag="999" ind1=" " ind2=" ">
    <subfield code="c">64274</subfield>
    <subfield code="d">64274</subfield>
  </datafield>
  <datafield tag="952" ind1=" " ind2=" ">
    <subfield code="0">0</subfield>
    <subfield code="1">0</subfield>
    <subfield code="4">0</subfield>
    <subfield code="7">0</subfield>
    <subfield code="a">ATENEOM</subfield>
    <subfield code="b">ATENEOM</subfield>
    <subfield code="c">SPB</subfield>
    <subfield code="d">2008-01-17</subfield>
    <subfield code="e">SC</subfield>
    <subfield code="l">0</subfield>
    <subfield code="o">B-12785</subfield>
    <subfield code="p">1067354</subfield>
    <subfield code="r">2023-02-23 00:00:00</subfield>
    <subfield code="w">2023-02-23</subfield>
    <subfield code="y">MONOGRAFIA</subfield>
  </datafield>
</record>
